Οι καρχαρίες The sharks

Ένα ταξίδι κάτω από την επιφάνεια του ωκεανού εξευρευνώντας από κοντά το σύμβολο του τρόμου, τους καρχαρίες.

Αποθηκεύτηκε σε:
Λεπτομέρειες βιβλιογραφικής εγγραφής
Συγγραφή απο Οργανισμό/Αρχή: National Geographic Society (U.S.)
Άλλοι συγγραφείς: Noxon, Nicholas (Παραγωγός, Διευθυντής)
Μορφή: Διαφάνειες
Γλώσσα:English
Greek
Δημοσίευση: [United States] : Αθήνα : National Geographic Society, Διανομή Home Video Hellas, 1982.
Σειρά:National Geographic Video
Θέματα:
Ετικέτες: Προσθήκη ετικέτας
Δεν υπάρχουν, Καταχωρήστε ετικέτα πρώτοι!

MARC

LEADER 00000cgm a2200000 i 4500
001 1/66046
008 041119s1982####us ||| | || ||eng||
035 |l 10075328 
040 |a GR-MY-UA  |b gre  |e aacr 
041 0 |a eng  |j gre 
082 0 |a 910.9   |2 (22)  
245 1 3 |a Οι καρχαρίες   |h [μαγνητοσκόπηση] =   |b The sharks /   |c σενάριο, παραγωγή και σκηνοθεσία : Nicholas Noxon ; National Geographic Society.  
246 1 |i Παράλληλος τίτλος:   |a The sharks  
260 |a [United States] :   |a Αθήνα :   |b National Geographic Society,   |b Διανομή Home Video Hellas,   |c 1982.  
300 |a 1 βιντεοκασέτα (60 λεπτ.) :   |b Ομιλ., έγχρ. ;   |c 1/2 ιν.  
490 1 |a National Geographic Video  
508 |a Παρουσίαση της National Geographic Special για την National Geographic Society και WQED/Pittsburgh; Διεύθυνση παραγωγής Dennis B. Kane, Thomas Skinner;  
511 0 |a Αφηγητής: Alexander Scourdy.  
520 |a Ένα ταξίδι κάτω από την επιφάνεια του ωκεανού εξευρευνώντας από κοντά το σύμβολο του τρόμου, τους καρχαρίες.  
538 |a VHS format.  
650 0 0 |a Discoveries in geography. 
650 0 0 |a Sharks. 
700 0 |a Noxon, Nicholas.  |4 pro  |4 drt 
710 2 |a National Geographic Society (U.S.) 
830 0 |a National Geographic Video 
852 |a INST  |b LESVOS  |c AV  |e 20041119  |h 910.9 ΚΑΡ  |p 005100028100  |q 005100028100  |t VC  |y 23 
852 |a INST  |b RHODES  |c AV  |e 20050210  |h 910.9 ΚΑΡ  |p 005400017859  |q 005400017859  |t VC  |y 23 
901 |a BIBL1-2004-3 
901 |a BIBL4-2005-1 
909 |a Λ  |b 026129 
909 |a Ρ  |b 042855 
922 |a 1ΕΛΗ  |b 199303  |c ΤΑΚ/ΚΥΒ 
922 |a 4ΕΛΗ  |b 199604  |c ΒΙΒΛΙΟΘΗΚΗ 
970 |a ΜΑΡΙΝΑΤΟΥ  |b ΜΥΡΣΙΝΗ  |z 2004/11/19